000 00369nam a2200145Ia 4500
008 210210b1975 xxu||||| |||| 00| 0 eng d
082 _a537.24 TARP
100 _aTAREEV (B).
245 _aPhysics of dielectric materials.
260 _aMoscow
_bMir Publishers
_c1975
300 _a270
650 _aElectricity Magnetism
690 _aElectricity
906 _aSG00402
999 _c111584
_d111584